000 00357cam a22001097a 4500
008 180718b1960 xxu||||| |||| 00| 0 eng d
082 _aU6x42 In2
245 _aThe question of a parliamentary committee for public enterprises
260 _aNew Delhi
_bIndian Institute of Public Administration
_c1960
300 _a34p.
650 _aGovernment enterprise - U.K.
999 _c475866
_d475866